Artificial intelligence : a modern approach /

מידע ביבליוגרפי
מחבר ראשי: Russell, Stuart J. (Stuart Jonathan)
מחברים אחרים: Norvig, Peter
פורמט: ספר
שפה:English
יצא לאור: Delhi : Pearson, c2016. [Third Impression]
מהדורה:3rd ed.
נושאים:
Classic Catalogue: View this record in Classic Catalogue
LEADER 02231nam a2200361 a 4500
001 31663
003 BD-DhAAL
005 20171017132902.0
008 170410s2016 njua b 001 0 eng
999 |c 38028  |d 38028 
020 |a 9789332543515 
020 |a 9780136042594 
040 |a UKM  |c UKM  |d TJC  |d BWX  |d YDXCP  |d KAAUA  |d BTCTA  |d BAKER  |d OrLoB-B  |d BD-DhAAL 
082 0 4 |2 22  |a 006.3 
100 1 |a Russell, Stuart J.  |q (Stuart Jonathan)  |9 21206 
245 1 0 |a Artificial intelligence :  |b a modern approach /  |c Stuart J. Russell and Peter Norvig ; contributing writers, Ernest Davis ... [et al.]. 
250 |a 3rd ed. 
260 |a Delhi :  |b Pearson,  |c c2016. [Third Impression] 
300 |a xviii, 1144 pages :  |b illustrations ;  |c 28 cm. 
504 |a Includes bibliographical references (p.1093-1123) and index. 
505 |t   
526 |a ARCH 
541 1 |e 31662,31663, 31664, 31665, 31666 & 31667 
650 0 |a Artificial intelligence.  |9 21207 
700 1 |a Norvig, Peter.  |9 21208 
852 4 |a Ayesha Abed Library   |j General Shelf. 
942 0 0 |2 ddc  |c BK 
952 |0 0  |1 0  |2 ddc  |4 0  |6 006_300000000000000_RUS  |7 0  |9 60155  |a BRACUL  |b BRACUL  |c GEN  |d 2017-04-10  |e Trim Education  |g 1358.00  |l 13  |m 128  |o 006.3 RUS  |p 3010031662  |r 2025-11-18  |s 2025-08-06  |t 1  |w 2017-04-10  |y BK 
952 |0 0  |1 0  |2 ddc  |4 0  |6 006_300000000000000_RUS  |7 0  |9 60156  |a BRACUL  |b BRACUL  |c GEN  |d 2017-04-10  |e Trim Education  |g 1358.00  |l 13  |m 116  |o 006.3 RUS  |p 3010031663  |q 2026-04-20  |r 2026-04-13  |s 2026-04-13  |t 2  |w 2017-04-10  |y BK 
952 |0 0  |1 0  |2 ddc  |4 0  |6 006_300000000000000_RUS  |7 0  |9 60157  |a BRACUL  |b BRACUL  |c GEN  |d 2017-04-10  |e Trim Education  |g 1358.00  |l 11  |m 197  |o 006.3 RUS  |p 3010031664  |r 2026-04-05  |s 2025-10-09  |t 3  |w 2017-04-10  |y BK 
952 |0 0  |1 0  |2 ddc  |4 0  |6 006_300000000000000_RUS  |7 0  |9 60158  |a BRACUL  |b BRACUL  |c GEN  |d 2017-04-10  |e Trim Education  |g 1358.00  |l 14  |m 176  |o 006.3 RUS  |p 3010031665  |r 2026-04-15  |s 2025-08-15  |t 4  |w 2017-04-10  |y BK 
952 |0 0  |1 0  |2 ddc  |4 0  |6 006_300000000000000_RUS  |7 0  |9 60159  |a BRACUL  |b BRACUL  |c GEN  |d 2017-04-10  |e Trim Education  |g 1358.00  |l 11  |m 165  |o 006.3 RUS  |p 3010031666  |r 2025-12-28  |s 2025-05-19  |t 5  |w 2017-04-10  |y BK 
952 |0 0  |1 0  |2 ddc  |4 0  |6 006_300000000000000_RUS  |7 0  |9 60160  |a BRACUL  |b BRACUL  |c GEN  |d 2017-04-10  |e Trim Education  |g 1358.00  |l 13  |m 133  |o 006.3 RUS  |p 3010031667  |r 2025-10-14  |s 2025-07-07  |t 6  |w 2017-04-10  |y BK